000 00603nam a22002177a 4500
003 BUBTL
008 171121b xxu||||| |||| 00| 0 eng d
020 _a9878177580365
082 _a658.56/ M4541p/ 2003
100 _91519
_aMaylor, Harvey
245 _aProject Management
_cMaylor, Harvey
250 _a3rd
260 _aNew Delhi
_bPearson
_cc2003
300 _a[xv], 411p . :
_bill, Graph, Table ; 24cm .
500 _aIncludes Index .
650 0 _939
_aManagement
700 _91520
_aMaylor, Harvey
856 _k0
_l0
_yDownload
942 _2ddc
_cBK
999 _c5548
_d5548